[Event "14th Poti Open-A 2019"]
[Site "Poti"]
[Date "2019.07.15"]
[Round "3.15"]
[White "Chaqryan, Erik"]
[Black "Gharibyan, Mamikon"]
[Result "0-1"]
[WhiteElo "2027"]
[BlackElo "2350"]
[Annotator "TA"]
[PlyCount "116"]
[EventDate "2019.07.13"]
[EventType "swiss"]
[EventCountry "GEO"]
[SourceTitle "playchess.com"]
[Source "ChessBase"]
[SourceQuality "1"]

{[%evp 9,116,12,17,-10,24,35,41,37,47,37,41,0,0,0,12,-34,-31,-47,-41,-60,-35,-84,-67,-104,-38,-30,-22,-75,-60,-57,-66,-92,-61,-81,-61,-115,-30,-57,88,74,81,85,90,48,55,53,64,0,0,0,0,-15,12,-161,-165,-170,-195,-215,-168,-174,-147,-158,-10,-180,-116,-169,-156,-164,-164,-164,-164,-165,-155,-165,-165,-172,-168,-177,-102,-340,-333,-328,-324,-327,-316,-374,-389,-361,-305,-384,-406,-512,-493,-451,-390,-751,-755,-723,-641,-1156,-1156,-1039,-610,-6416,-5080,-29980,-29981,-29982,-29982]} 1. d4 e6 2. c4 Nf6 3. Nc3 Bb4 4. Qc2 d6 5. Bd2 c5 6. a3 {E32: Nimzo-Indian: Classical (4 Qc2): 4...0-0} Ba5 (6... Bxc3 $5 7. Bxc3 cxd4 8. Bxd4 Nbd7 $11) 7. e3 Nc6 8. Nf3 {White is slightly better.} O-O 9. dxc5 dxc5 10. Rd1 Qe7 11. Bd3 Bc7 12. Ne4 $146 {Black should prevent Nxf6+.} ({Predecessor:} 12. O-O h6 {0-1 (45) Miedema,D (2355)-Bachmann,A (2632) Maastricht 2016}) 12... Nd7 13. Ng3 f5 14. Bc3 g6 15. O-O e5 16. Be2 Nf6 (16... a5 $17) 17. b4 $15 e4 18. Nd2 (18. Ng5 $11 {keeps the balance.}) 18... cxb4 19. axb4 Nxb4 20. Qb3 Nc6 21. c5+ Kg7 22. f3 (22. Qa3 $15) 22... Qxc5 ({Black should try} 22... exf3 $1 $17 23. Bxf3 a5) 23. fxe4 f4 {[#]} (23... Bxg3 $1 $15 {stays ahead.} 24. hxg3 Qxe3+ {[%mdl 64] Double Attack} 25. Rf2 Nd4 26. Bxd4 Qxd4 27. exf5 Bxf5 28. Qxb7+ Kh6) 24. Kh1 $1 $16 Be6 (24... fxg3 25. Rxf6 Rxf6 26. Bxf6+ Kxf6 27. Qg8 $11) (24... Qxe3 $2 25. Nc4 $18) 25. Bxf6+ Kxf6 26. Qxb7 Na5 27. Qa6 Qxe3 28. Nc4 (28. e5+ $1 $14 Ke7 29. Rc1) 28... Nxc4 $11 29. Bxc4 Rae8 $1 ({Of course not} 29... Qb6 $6 30. Qa1+ Kg5 31. Bd5 $16 (31. Bxe6 Qxe6 32. Ne2 Kh6 $11)) 30. e5+ Bxe5 31. Rde1 $2 (31. Rd7 $11) 31... Qb6 $19 32. Ne4+ Kg7 33. Qa2 Bxc4 34. Qxc4 Qe6 35. Qa4 {[#]} Bb8 (35... Re7 $1 $17 {And now ...Qf5 would win.} 36. Ng5 Qf6) 36. Qb4 $2 (36. Qa1+ $1 $11 {and White is okay.} Be5 37. Qxa7+ Re7 38. Qa4) 36... Qb6 (36... Qd5 $19 37. Qc3+ Be5) 37. Qd2 (37. Qc3+ $17 Be5 38. Qc4) 37... Re7 38. Ng5 Rfe8 39. Rxe7+ Rxe7 40. Nf3 Qf6 41. h3 Bc7 42. Rc1 Bb6 {White must now prevent ...Be3.} 43. Rc8 h6 (43... Kh6 $19 44. Rc4 Rf7) 44. Qd5 $2 {[#]} (44. Qa2 $17 Re6 45. Qd5) 44... Qe6 $1 45. Qxe6 Rxe6 {[%mdl 4096] Endgame KRB-KRN} 46. h4 Re7 47. Rc6 Rc7 48. Rd6 Rc1+ 49. Kh2 Bf2 50. g4 fxg3+ 51. Kg2 Rc2 52. Rd7+ $2 (52. Ra6) 52... Kf6 53. Kh3 a5 {[%cal Ba7a5,Ba5a4][%mdl 32]} 54. h5 g5 55. Rd5 Rc5 56. Rxc5 Bxc5 57. Kxg3 a4 58. Nd2 Kf5 {Accuracy: White = 30%, Black = 54%.} 0-1

[Event "14th Poti Open-A 2019"]
[Site "Poti"]
[Date "2019.07.15"]
[Round "3.16"]
[White "Lomsadze, Davit"]
[Black "Manafov, Vugar"]
[Result "1-0"]
[WhiteElo "2292"]
[BlackElo "2175"]
[Annotator "TA"]
[PlyCount "53"]
[EventDate "2019.07.13"]
[EventType "swiss"]
[EventCountry "GEO"]
[SourceTitle "playchess.com"]
[Source "ChessBase"]
[SourceQuality "1"]

{[%evp 18,53,33,18,75,64,76,64,73,60,76,91,91,66,119,122,131,131,156,149,175,185,194,191,163,151,278,289,267,214,463,324,315,240,420,433,1863,1975]} 1. Nf3 d5 2. g3 c6 3. Bg2 Bg4 4. O-O Nd7 5. d4 Ngf6 6. Nbd2 e6 7. Re1 Be7 8. e4 dxe4 9. Nxe4 O-O 10. c3 c5 {D02: 1 d4 d5 2 Nf3 sidelines, including 2...Nf6 3 g3 and 2...Nf6 3 Bf4} (10... Nxe4 $11 {keeps the balance.} 11. Rxe4 Bf5) (10... Nxe4 11. Rxe4 Bxf3 12. Qxf3 Bg5 13. h4 Bxc1 14. Rxc1 Nf6 15. Re5 Nd7 16. Re3 Qa5 17. a3 Qb5 18. Rc2 a5 19. c4 {1-0 (43) Artemiev,V (2709)-Navara,D (2736) Skopje 2018}) 11. dxc5 $16 Nxe4 $146 ({Predecessor:} 11... Nxc5 12. Qxd8 Rfxd8 13. Nxc5 Bxc5 14. Ne5 Rab8 15. Bg5 Bf5 16. Rad1 Bc2 17. Rxd8+ Rxd8 18. b4 {1-0 (56) Demuth,A (2538)-Cirovic,M (2095) Antalya 2017}) 12. Rxe4 Bxf3 {White is slightly better.} 13. Bxf3 {[#] Black must now prevent Rd4.} Bxc5 14. b4 Bb6 15. a4 Nf6 {[#]} (15... a5 $1 $14) 16. Re1 $1 a5 17. Qxd8 Raxd8 18. Bxb7 Ng4 19. Ra2 Rd3 20. Rc2 Rfd8 21. Kg2 axb4 (21... Bxf2 $16 22. Rxf2 Nxf2) 22. cxb4 $18 Rb3 23. Re4 f5 $2 (23... h5 {was worth a try.} 24. Ba6 Rb1) 24. Rxe6 Rxb4 25. Bf3 Rb1 $2 (25... Kf7) 26. Bb2 Rb8 (26... Bd4 $142 27. Bxd4 Rxd4) 27. Bd5 {Accuracy: White = 89%, Black = 16%.} 1-0

[Event "14th Poti Open-A 2019"]
[Site "Poti"]
[Date "2019.07.15"]
[Round "3.17"]
[White "Manukyan, Aleks"]
[Black "Harutyunyan, Gor"]
[Result "1-0"]
[WhiteElo "2097"]
[BlackElo "1832"]
[Annotator "NA RC"]
[PlyCount "89"]
[EventDate "2019.07.13"]
[EventType "swiss"]
[EventCountry "GEO"]
[SourceTitle "playchess.com"]
[Source "ChessBase"]
[SourceQuality "1"]
[TimeControl "40/5400+30:1800+30"]

1. c4 {[%emt 0:00:02]} Nf6 {[%emt 0:00:26]} 2. Nf3 {[%emt 0:01:08]} c6 {[%emt 0:01:03]} 3. e3 {[%emt 0:00:37]} d5 {[%emt 0:00:44]} 4. Nc3 {[%emt 0:00:07]} Bg4 {[%emt 0:03:34]} 5. cxd5 {[%emt 0:03:50]} Nxd5 {[%emt 0:01:09]} (5... Bxf3 6. Qxf3 cxd5 7. Bb5+ Nc6 8. Bxc6+ bxc6 9. b3 e6 10. Bb2 Be7 11. Rc1 O-O 12. O-O Qa5 13. Rc2 c5 14. d3 Qa6 {½-½ (49) Ivanchuk,V (2710)-Vitiugov,N (2721) Jurmala 2016}) 6. h3 {[%emt 0:04:51] A11: English Opening: 1...c6} Nxc3 $146 {[%emt 0:04:18]} ({Predecessor:} 6... Bh5 7. Qb3 Nb6 8. a4 a5 9. Ne5 e6 10. g4 Bg6 11. h4 Qc7 12. h5 Bc2 13. Qxc2 Qxe5 {½-½ (35) Rozum,I (2354)-Khakimov,T (2409) Peterhof 2007}) 7. bxc3 {[%emt 0:00:14]} Bf5 {[%emt 0:00:11]} 8. d3 {[%emt 0:04:23]} Nd7 {[%emt 0:07:30]} 9. e4 {[%emt 0:00:47]} Bg6 {[%emt 0:00:09]} 10. Rb1 {[%emt 0:04:14]} Qc7 {[%emt 0:05:07]} 11. Be2 {[%emt 0:01:56]} e5 {[%emt 0:03:00]} 12. Nh4 {[%emt 0:01:18]} Be7 {[%emt 0:03:04]} 13. Nxg6 {[%emt 0:00:27]} hxg6 {[%emt 0:00:08]} 14. Be3 {[%emt 0:01:09]} O-O {[%emt 0:02:48]} 15. O-O Bc5 {[%emt 0:06:07]} 16. d4 {[%emt 0:02:39]} Bb6 {[%emt 0:00:14]} 17. Bc4 {[%emt 0:03:13]} exd4 {[%emt 0:07:19]} 18. cxd4 {[%emt 0:02:26]} c5 {[%emt 0:00:07]} (18... Rad8 $142) 19. Bd5 {[%emt 0:13:59]} cxd4 {[%emt 0:04:27]} 20. Bxd4 {[%emt 0:01:07]} Rad8 {[%emt 0:00:13]} 21. Ba1 {[%emt 0:07:34]} Nf6 {[%emt 0:03:36]} 22. Bxf6 {[%emt 0:00:24]} gxf6 {[%emt 0:00:08]} 23. Qf3 {[%emt 0:01:41]} Kg7 {[%emt 0:01:13]} 24. a4 {[%emt 0:01:50]} Qe5 {[%emt 0:05:24]} 25. Rb5 {[%emt 0:03:49]} Bc7 {[%emt 0:07:37]} 26. g3 {[%emt 0:01:10]} Rh8 {[%emt 0:00:23]} 27. Kg2 {[%emt 0:07:53]} b6 {[%emt 0:07:49]} 28. Bxf7 {[%emt 0:01:19]} Qd4 {[%emt 0:00:37]} 29. Bb3 {[%emt 0:03:04]} Rhe8 {[%emt 0:01:07]} 30. Rc1 {[%emt 0:02:32]} Re7 {[%emt 0:06:52]} 31. Rc6 {[%emt 0:05:03]} Rd6 {[%emt 0:05:38]} 32. Rd5 {[%emt 0:02:00]} Qb4 {[%emt 0:00:34]} 33. Rc4 $18 {[%emt 0:02:17]} Qa3 {[%emt 0:00:11]} 34. h4 {[%emt 0:00:56]} Rxd5 {[%emt 0:03:33]} 35. exd5 {[%emt 0:00:08]} Be5 {[%emt 0:00:08]} 36. Rg4 {[%emt 0:01:46]} Qc1 {[%emt 0:03:21]} 37. Qf5 {[%emt 0:01:17]} Qh6 {[%emt 0:01:51]} 38. Bc2 {[%emt 0:00:56]} Kf8 {[%emt 0:00:15]} 39. Rxg6 {[%emt 0:00:29]} Qd2 {[%emt 0:00:15]} 40. Be4 {[%emt 0:03:33]} Bd4 {[%emt 0:01:19]} 41. Rg4 {[%emt 0:32:47]} Qe2 {[%emt 0:31:06]} 42. Qc8+ {[%emt 0:01:01]} Re8 {[%emt 0:00:07]} 43. Rg8+ {[%emt 0:00:13]} Kxg8 {[%emt 0:00:06]} 44. Qxe8+ {[%emt 0:00:03]} Kg7 {[%emt 0:00:05]} 45. Qe7+ {[%emt 0:00:04]} 1-0

[Event "14th Poti Open-A 2019"]
[Site "Poti"]
[Date "2019.07.15"]
[Round "3.18"]
[White "Manukyan, Sevak N."]
[Black "Mesropian, Khachatur"]
[Result "1-0"]
[WhiteElo "1830"]
[BlackElo "2094"]
[Annotator "NA RC"]
[PlyCount "137"]
[EventDate "2019.07.13"]
[EventType "swiss"]
[EventCountry "GEO"]
[SourceTitle "playchess.com"]
[Source "ChessBase"]
[SourceQuality "1"]
[TimeControl "40/5400+30:1800+30"]

1. d4 {[%emt 0:00:08]} d5 {[%emt 0:00:00]} 2. c4 {[%emt 0:00:05]} e6 {[%emt 0:00:04]} 3. cxd5 {[%emt 0:00:06]} exd5 {[%emt 0:00:02]} 4. Nc3 {[%emt 0:00:05]} c6 {[%emt 0:00:40]} 5. Qc2 {[%emt 0:00:11]} Bd6 {[%emt 0:02:11]} 6. Nf3 {[%emt 0:00:28]} Ne7 {[%emt 0:01:49]} 7. e4 {[%emt 0:06:36] D31: Queen's Gambit Declined: Semi-Slav without ...Nf6 (+ Marshall Gambit and Noteboom) and Exchange Variation lines without ...Nf6} (7. Bg5 f6 8. Bd2 Na6 9. e4 Nb4 10. Qb3 a5 11. a3 a4 12. Qd1 dxe4 13. Nxe4 Nbd5 14. Bc4 Be6 15. O-O O-O {½-½ (34) Ivanchuk,V (2728)-Kramnik,V (2803) Tbilisi 2017}) 7... dxe4 {[%emt 0:01:27]} 8. Nxe4 {[%emt 0:00:08]} Bb4+ {[%emt 0:02:09]} 9. Bd2 {[%emt 0:00:32]} Bxd2+ {[%emt 0:00:12]} 10. Qxd2 {[%emt 0:00:14]} Bf5 {[%emt 0:01:02]} 11. Bd3 {[%emt 0:01:10]} Qd5 {[%emt 0:09:02]} 12. Qe3 $146 {[%emt 0:09:09]} ({Predecessor:} 12. Qf4 Bxe4 13. Bxe4 Qa5+ 14. Nd2 O-O {1-0 (33) Poulin,M (2068)-Bouchard,J (1942) Montreal 2011}) 12... Bxe4 {[%emt 0:04:06]} 13. Bxe4 {[%emt 0:00:05]} Qa5+ {[%emt 0:00:14]} 14. Nd2 {[%emt 0:00:39]} Nd7 {[%emt 0:01:40]} 15. O-O {[%emt 0:01:13]} Nf6 {[%emt 0:01:40]} 16. Rfe1 {[%emt 0:09:15]} O-O {[%emt 0:01:11]} 17. Nb3 {[%emt 0:01:11]} Qa4 {[%emt 0:05:21]} 18. Bxh7+ {[%emt 0:00:30]} Kxh7 19. Qxe7 {[%emt 0:00:30]} Qb5 {[%emt 0:01:00]} 20. Qc5 {[%emt 0:04:59]} Qxc5 {[%emt 0:04:13]} 21. Nxc5 {[%emt 0:01:10]} b6 {[%emt 0:06:22]} 22. Nb3 {[%emt 0:00:33]} Rfe8 {[%emt 0:02:59]} 23. Rec1 {[%emt 0:00:58]} Re2 {[%emt 0:04:20]} 24. Rab1 {[%emt 0:01:06]} Rae8 {[%emt 0:01:57]} 25. Kf1 {[%emt 0:03:38]} Nd5 {[%emt 0:06:31]} 26. a3 {[%emt 0:03:10]} Nf4 $16 {[%emt 0:00:56]} 27. Rc3 {[%emt 0:04:25]} a5 {[%emt 0:02:27]} 28. a4 {[%emt 0:04:13]} g5 {[%emt 0:02:30]} 29. h3 {[%emt 0:06:19]} R8e6 {[%emt 0:00:14]} 30. Kg1 {[%emt 0:06:35]} R2e4 {[%emt 0:01:39]} 31. Kh2 {[%emt 0:02:06]} Re2 {[%emt 0:03:27]} 32. Rf3 {[%emt 0:05:55]} Kg6 {[%emt 0:02:04]} 33. h4 {[%emt 0:01:35]} Rc2 {[%emt 0:03:16]} 34. hxg5 {[%emt 0:00:15]} Kxg5 {[%emt 0:00:19]} 35. g3 {[%emt 0:01:42]} Nd5 {[%emt 0:03:04]} 36. Rxf7 {[%emt 0:03:57]} Nf6 {[%emt 0:00:32]} 37. Kg1 {[%emt 0:07:04]} Ree2 {[%emt 0:00:30]} 38. Rf1 {[%emt 0:00:19]} Rxb2 {[%emt 0:04:50]} 39. Nc1 {[%emt 0:00:03]} Red2 {[%emt 0:00:17]} 40. Rg7+ {[%emt 0:00:36]} Kh6 {[%emt 0:01:06]} 41. Rc7 {[%emt 0:30:18]} Rbc2 {[%emt 0:30:44]} 42. Rb7 {[%emt 0:00:43]} Nd5 {[%emt 0:00:27]} 43. Rb8 {[%emt 0:02:00]} Ne3 {[%emt 0:01:19]} 44. Re1 {[%emt 0:07:28]} Rd1 {[%emt 0:02:38]} 45. Nd3 {[%emt 0:07:38]} Rxd3 {[%emt 0:01:01]} 46. Rxe3 {[%emt 0:00:04]} Rxe3 {[%emt 0:01:18]} 47. fxe3 {[%emt 0:00:03]} Rb2 {[%emt 0:01:48]} 48. Rc8 {[%emt 0:00:05]} Kg5 {[%emt 0:03:29]} 49. Rxc6 {[%emt 0:00:10]} Kg4 {[%emt 0:00:05]} 50. Rf6 {[%emt 0:00:38]} Re2 {[%emt 0:02:13]} 51. Re6 {[%emt 0:01:43]} Kf3 {[%emt 0:02:11]} 52. d5 {[%emt 0:00:16]} Rd2 {[%emt 0:02:56]} 53. e4 {[%emt 0:00:15]} Kxg3 {[%emt 0:00:26]} 54. Kf1 {[%emt 0:00:28]} Kf3 {[%emt 0:05:14]} 55. Ke1 {[%emt 0:00:06]} Ke3 {[%emt 0:00:16]} 56. d6 {[%emt 0:00:23]} b5 {[%emt 0:00:29]} 57. axb5 {[%emt 0:01:06]} a4 {[%emt 0:00:01]} 58. e5 {[%emt 0:01:13]} a3 {[%emt 0:01:14]} 59. Re8 {[%emt 0:00:31]} Rb2 {[%emt 0:01:38]} 60. Kd1 {[%emt 0:00:08]} a2 {[%emt 0:00:53]} 61. Ra8 {[%emt 0:00:05]} Rxb5 {[%emt 0:00:26]} 62. Rxa2 {[%emt 0:00:10]} Rd5+ {[%emt 0:00:45]} 63. Ke1 {[%emt 0:00:30]} Rb5 {[%emt 0:01:31]} 64. Re2+ {[%emt 0:00:32]} Kf3 {[%emt 0:00:02]} 65. d7 {[%emt 0:00:14]} Rb1+ {[%emt 0:00:10]} 66. Kd2 {[%emt 0:00:06]} Rb2+ {[%emt 0:00:03]} 67. Kd3 {[%emt 0:00:26]} Rxe2 {[%emt 0:00:11]} 68. d8=Q {[%emt 0:00:05]} Rxe5 {[%emt 0:00:23]} 69. Qf6+ {[%emt 0:00:03]} 1-0

[Event "14th Poti Open-A 2019"]
[Site "Poti"]
[Date "2019.07.15"]
[Round "3.19"]
[White "Pluzyan, Aram"]
[Black "Qalichava, Akaki"]
[Result "1/2-1/2"]
[WhiteElo "2087"]
[BlackElo "1808"]
[Annotator "NA RC"]
[PlyCount "120"]
[EventDate "2019.07.13"]
[EventType "swiss"]
[EventCountry "GEO"]
[SourceTitle "playchess.com"]
[Source "ChessBase"]
[SourceQuality "1"]
[TimeControl "40/5400+30:1800+30"]

1. c4 e5 2. Nc3 Nf6 3. g3 c6 4. Bg2 d5 5. cxd5 cxd5 6. Qb3 Nc6 7. Nxd5 Nd4 8. Nxf6+ Qxf6 9. Qd3 Bf5 10. Be4 Bxe4 11. Qxe4 Bc5 12. e3 Nc6 13. d4 Bb4+ 14. Kf1 Qe7 15. d5 Nb8 $14 16. Ne2 O-O 17. g4 Nd7 18. a3 Bd6 19. Nc3 Nc5 20. Qc4 f5 21. b4 Nd7 22. gxf5 Rxf5 23. Qg4 Raf8 24. Ra2 Qf7 25. Qe2 e4 26. Rc2 Nf6 27. Bb2 Ng4 28. Nxe4 Nxh2+ 29. Ke1 Nf3+ 30. Kf1 Qxd5 31. Qc4 Nd2+ 32. Nxd2 Rxf2+ 33. Ke1 Rxd2 34. Qxd5+ Rxd5 35. Rg2 g6 36. Ke2 Bc7 37. Rg4 Rfd8 38. Bd4 Bb6 39. Kd3 Bxd4 40. exd4 Kg7 41. Rc1 h5 42. Re4 R8d7 43. Rc5 R5d6 44. Kc4 Kh6 45. Rc8 b5+ 46. Kd3 Ra6 47. Rc3 g5 48. Ke3 h4 49. Re5 g4 50. Rcc5 Kg7 51. Rxb5 Rxa3+ 52. Ke4 Rd6 53. Rb7+ Kg6 54. Ree7 Raa6 55. Rg7+ Kh6 56. Rxg4 Kh5 57. Rbg7 Rg6 58. R4xg6 Rxg6 59. Rxa7 Rb6 60. Ra5+ Kg4 1/2-1/2

[Event "14th Poti Open-A 2019"]
[Site "Poti"]
[Date "2019.07.15"]
[Round "3.21"]
[White "Bechvaia, Gabriel"]
[Black "Qaloyan, Ishkhan"]
[Result "1-0"]
[WhiteElo "1793"]
[BlackElo "1497"]
[Annotator "NA RC"]
[PlyCount "151"]
[EventDate "2019.07.13"]
[EventType "swiss"]
[EventCountry "GEO"]
[SourceTitle "playchess.com"]
[Source "ChessBase"]
[SourceQuality "1"]
[TimeControl "40/5400+30:1800+30"]

1. d4 {[%emt 0:00:00]} d5 {[%emt 0:00:00]} 2. c4 {[%emt 0:00:00]} e6 {[%emt 0:00:00]} 3. Nc3 {[%emt 0:00:02]} Nf6 {[%emt 0:00:00]} 4. Bg5 {[%emt 0:00:32]} Be7 {[%emt 0:00:02]} 5. e3 {[%emt 0:00:43]} O-O {[%emt 0:00:08]} 6. Nf3 {[%emt 0:00:58]} b6 {[%emt 0:00:23]} 7. cxd5 {[%emt 0:04:54]} Nxd5 {[%emt 0:00:21]} 8. Bxe7 {[%emt 0:00:28]} Qxe7 {[%emt 0:00:16]} 9. Nxd5 {[%emt 0:02:26]} exd5 {[%emt 0:00:17]} 10. Bd3 {[%emt 0:00:35]} Be6 {[%emt 0:02:06]} 11. Qc2 {[%emt 0:01:54]} h6 {[%emt 0:00:39]} 12. O-O {[%emt 0:04:42]} Rc8 {[%emt 0:05:04]} 13. Rac1 {[%emt 0:02:37]} c5 {[%emt 0:00:32]} 14. dxc5 {[%emt 0:00:39]} bxc5 {[%emt 0:00:52]} 15. Nd4 {[%emt 0:06:26]} a5 {[%emt 0:13:53]} 16. Nxe6 {[%emt 0:05:58]} fxe6 {[%emt 0:00:19]} 17. e4 Na6 {[%emt 0:07:42]} 18. exd5 {[%emt 0:06:00]} exd5 {[%emt 0:01:58]} 19. Rfe1 {[%emt 0:02:14]} Qf6 {[%emt 0:02:47]} 20. Qe2 {[%emt 0:10:11]} c4 {[%emt 0:10:49]} 21. Bb1 {[%emt 0:00:48]} Nc5 {[%emt 0:01:51]} 22. Qd2 {[%emt 0:12:11]} Rd8 {[%emt 0:27:12]} 23. b3 {[%emt 0:04:47]} Rd6 {[%emt 0:21:43]} 24. Re3 {[%emt 0:27:35]} Rad8 {[%emt 0:02:27]} 25. Qxa5 {[%emt 0:03:59]} Ne4 {[%emt 0:00:36]} 26. Bxe4 {[%emt 0:01:19]} dxe4 {[%emt 0:00:01]} 27. Qe1 {[%emt 0:00:17]} cxb3 {[%emt 0:00:19]} 28. axb3 {[%emt 0:00:07]} Rd3 {[%emt 0:00:20]} 29. Rxe4 {[%emt 0:00:16]} Rxb3 {[%emt 0:00:59]} 30. Re8+ {[%emt 0:00:08]} Rxe8 {[%emt 0:00:37]} 31. Qxe8+ {[%emt 0:00:02]} Kh7 {[%emt 0:00:09]} 32. Qe4+ {[%emt 0:00:14]} Qg6 {[%emt 0:00:16]} 33. Qc4 {[%emt 0:00:44]} Rb1 {[%emt 0:00:31]} 34. h3 {[%emt 0:00:26]} Rxc1+ {[%emt 0:00:15]} 35. Qxc1 {[%emt 0:00:01]} Qe4 {[%emt 0:00:19]} 36. Qc3 {[%emt 0:00:33]} Qb1+ {[%emt 0:00:26]} 37. Kh2 {[%emt 0:00:03]} Qb8+ {[%emt 0:00:27]} 38. g3 {[%emt 0:00:02]} Qb7 {[%emt 0:00:29]} 39. Qe3 {[%emt 0:01:17]} Qd5 {[%emt 0:00:22]} 40. g4 {[%emt 0:00:15]} Qd6+ {[%emt 0:00:24]} 41. Kg2 {[%emt 0:30:10]} Qc6+ {[%emt 0:30:45]} 42. f3 {[%emt 0:00:20]} Qc2+ {[%emt 0:00:14]} 43. Kg3 {[%emt 0:00:17]} Qc7+ {[%emt 0:01:06]} 44. f4 {[%emt 0:02:25]} Qc2 {[%emt 0:00:49]} 45. h4 {[%emt 0:00:20]} Qb1 {[%emt 0:00:39]} 46. h5 {[%emt 0:00:35]} Qc2 {[%emt 0:00:21]} 47. g5 {[%emt 0:01:11]} hxg5 {[%emt 0:00:19]} 48. fxg5 {[%emt 0:00:02]} Qc7+ {[%emt 0:00:23]} 49. Kg4 {[%emt 0:00:12]} Qc4+ {[%emt 0:00:38]} 50. Kf5 {[%emt 0:01:10]} Qd5+ {[%emt 0:00:22]} 51. Kf4 {[%emt 0:00:24]} Qd6+ {[%emt 0:00:33]} 52. Kf3 {[%emt 0:00:25]} Qd1+ {[%emt 0:00:35]} 53. Qe2 {[%emt 0:00:29]} Qb3+ {[%emt 0:00:33]} 54. Kf4 {[%emt 0:00:40]} Qf7+ {[%emt 0:00:14]} 55. Kg4 {[%emt 0:00:53]} Qd7+ {[%emt 0:00:19]} 56. Kh4 {[%emt 0:00:19]} Qd4+ {[%emt 0:00:15]} 57. Qg4 {[%emt 0:00:47]} Qf2+ {[%emt 0:00:12]} 58. Qg3 {[%emt 0:00:24]} Qd4+ {[%emt 0:00:26]} 59. Kh3 {[%emt 0:00:19]} Qd7+ {[%emt 0:00:14]} 60. Qg4 {[%emt 0:00:24]} Qd3+ {[%emt 0:00:11]} 61. Kh4 {[%emt 0:00:06]} Qc3 {[%emt 0:02:59]} 62. Qe4+ {[%emt 0:01:06]} Kg8 {[%emt 0:00:30]} 63. Qe6+ {[%emt 0:00:25]} Kf8 {[%emt 0:00:15]} 64. Qd6+ {[%emt 0:00:26]} Ke8 {[%emt 0:00:17]} 65. Qe6+ {[%emt 0:00:11]} Kd8 {[%emt 0:00:18]} 66. h6 {[%emt 0:00:22]} gxh6 {[%emt 0:01:01]} 67. gxh6 {[%emt 0:00:41]} Qd4+ {[%emt 0:00:09]} 68. Kg5 {[%emt 0:00:09]} Qg1+ {[%emt 0:00:14]} 69. Kf6 {[%emt 0:00:23]} Qf2+ {[%emt 0:00:43]} 70. Kg7 {[%emt 0:00:20]} Qg1+ {[%emt 0:00:25]} 71. Qg6 {[%emt 0:00:17]} Qa7+ {[%emt 0:00:18]} 72. Kg8 {[%emt 0:00:29]} Qa2+ {[%emt 0:00:24]} 73. Qf7 {[%emt 0:00:35]} Qg2+ {[%emt 0:00:15]} 74. Kf8 {[%emt 0:00:20]} Qg5 {[%emt 0:00:52]} 75. Qe8+ {[%emt 0:00:09]} Kc7 {[%emt 0:00:14]} 76. Qe7+ {[%emt 0:00:02]} 1-0

[Event "14th Poti Open-A 2019"]
[Site "Poti"]
[Date "2019.07.15"]
[Round "3.22"]
[White "Nurijanyan, Alex"]
[Black "Mchedlishvili, Ramaz"]
[Result "1-0"]
[WhiteElo "1610"]
[BlackElo "1441"]
[Annotator "NA RC"]
[PlyCount "119"]
[EventDate "2019.07.13"]
[EventType "swiss"]
[EventCountry "GEO"]
[SourceTitle "playchess.com"]
[Source "ChessBase"]
[SourceQuality "1"]
[TimeControl "40/5400+30:1800+30"]

1. e4 {[%emt 0:00:00]} c5 {[%emt 0:00:00]} 2. Nc3 {[%emt 0:00:00]} Nc6 {[%emt 0:00:00]} 3. Bb5 {[%emt 0:00:00]} a6 {[%emt 0:00:35]} 4. Bxc6 {[%emt 0:00:00]} bxc6 {[%emt 0:00:08]} 5. f4 {[%emt 0:00:00]} d6 {[%emt 0:00:37]} 6. Nf3 {[%emt 0:00:00]} Nf6 {[%emt 0:00:36]} 7. d3 {[%emt 0:00:06]} g6 {[%emt 0:01:01]} 8. O-O {[%emt 0:00:18]} Bg7 {[%emt 0:00:07]} 9. Qe1 {[%emt 0:00:18]} O-O {[%emt 0:01:03]} 10. f5 {[%emt 0:00:26]} e6 {[%emt 0:12:13]} 11. Qh4 {[%emt 0:01:26]} exf5 {[%emt 0:03:20]} 12. Bg5 {[%emt 0:00:18]} h6 {[%emt 0:04:43]} 13. Bxh6 {[%emt 0:00:07]} Bxh6 {[%emt 0:00:05]} 14. Qxh6 {[%emt 0:00:15]} Ng4 {[%emt 0:09:50]} 15. Qf4 {[%emt 0:01:22]} Kg7 {[%emt 0:05:48]} 16. exf5 {[%emt 0:03:20]} Bxf5 {[%emt 0:00:16]} 17. h3 {[%emt 0:00:07]} Nf6 {[%emt 0:00:56]} 18. g4 {[%emt 0:01:57]} Be6 {[%emt 0:02:35]} 19. Ng5 {[%emt 0:00:23]} Nd5 {[%emt 0:10:17]} 20. Nxd5 {[%emt 0:00:07]} cxd5 {[%emt 0:00:46]} 21. Rae1 {[%emt 0:00:32]} Qe7 {[%emt 0:02:04]} 22. b4 {[%emt 0:01:07]} cxb4 {[%emt 0:10:11]} 23. Qd4+ {[%emt 0:00:30]} Kg8 {[%emt 0:03:46]} 24. Rf6 {[%emt 0:02:40]} Qa7 {[%emt 0:01:00]} 25. Nxe6 {[%emt 0:00:27]} fxe6 {[%emt 0:00:17]} 26. Rxg6+ {[%emt 0:00:37]} Kh7 {[%emt 0:00:41]} 27. Qxa7+ {[%emt 0:00:15]} Rxa7 {[%emt 0:00:01]} 28. Rexe6 {[%emt 0:00:23]} Rc7 {[%emt 0:04:40]} 29. Rh6+ {[%emt 0:00:17]} Kg7 {[%emt 0:00:06]} 30. Reg6+ {[%emt 0:00:04]} Kf7 {[%emt 0:00:06]} 31. Rxd6 {[%emt 0:00:18]} Rxc2 {[%emt 0:00:54]} 32. Rhf6+ {[%emt 0:02:44]} Ke7 {[%emt 0:00:46]} 33. Rfe6+ {[%emt 0:00:17]} Kf7 {[%emt 0:00:14]} 34. Rxa6 {[%emt 0:00:47]} Rxa2 {[%emt 0:01:34]} 35. Rf6+ {[%emt 0:08:37]} Ke7 {[%emt 0:01:28]} 36. Rxa2 {[%emt 0:02:37]} Rxf6 {[%emt 0:01:43]} 37. Rb2 {[%emt 0:03:59]} Rb6 {[%emt 0:06:30]} 38. Kf2 {[%emt 0:01:23]} Kd6 {[%emt 0:03:13]} 39. Ke3 {[%emt 0:01:32]} Kc5 {[%emt 0:02:34]} 40. h4 {[%emt 0:00:13]} b3 {[%emt 0:04:15]} 41. g5 {[%emt 0:30:50]} Rb4 {[%emt 0:34:25]} 42. h5 {[%emt 0:01:32]} Rg4 {[%emt 0:01:21]} 43. g6 {[%emt 0:00:12]} Rg5 {[%emt 0:00:11]} 44. Rh2 {[%emt 0:00:31]} b2 {[%emt 0:00:14]} 45. Rxb2 {[%emt 0:00:17]} Rxh5 {[%emt 0:00:01]} 46. Rc2+ {[%emt 0:00:46]} Kd6 {[%emt 0:00:20]} 47. Rg2 {[%emt 0:00:09]} Rh8 {[%emt 0:00:11]} 48. Kf4 {[%emt 0:00:49]} Ke6 {[%emt 0:01:34]} 49. Kg5 {[%emt 0:02:01]} Rh3 {[%emt 0:01:10]} 50. d4 {[%emt 0:00:45]} Ke7 {[%emt 0:00:41]} 51. Rf2 {[%emt 0:00:31]} Rg3+ {[%emt 0:00:19]} 52. Kh6 {[%emt 0:00:23]} Rh3+ {[%emt 0:00:29]} 53. Kg5 {[%emt 0:01:06]} Rg3+ {[%emt 0:00:09]} 54. Kf5 {[%emt 0:00:05]} Rg1 {[%emt 0:02:06]} 55. Re2+ {[%emt 0:00:10]} Kd6 {[%emt 0:00:52]} 56. Re6+ {[%emt 0:00:39]} Kd7 {[%emt 0:00:01]} 57. Re5 {[%emt 0:00:13]} Rf1+ {[%emt 0:00:35]} 58. Kg5 {[%emt 0:00:09]} Rg1+ {[%emt 0:00:27]} 59. Kf6 {[%emt 0:04:15]} Rf1+ {[%emt 0:00:40]} 60. Rf5 {[%emt 0:00:16]} 1-0